000
00289nam a22001337a 4500
008
210309b ||||| |||| 00| 0 eng d
041
_a
eng
080
_a
94
082
_a
94
100
_a
16
101
_a
HIS
245
_a
Exploring the American West 1803 - 1879
_c
DC
942
_2
udc
_c
BK
999
_c
56062
_d
56062